[Event "?"]
[Site "Berliner Sommer"]
[Date "1995.??.??"]
[Round "?"]
[White "Kievelitz, Bernd"]
[Black "Kuckelkorn, Thomas"]
[Result "0-1"]
[WhiteElo "2145"]
[BlackElo "1855"]

1.Nf3 Nf6 2.c4 g6 3.Nc3 Bg7 4.e4 d6 5.d4 O-O 6.Be3 Nc6 7.h3 e5 8.d5 Nd4
9.Nxd4 exd4 10.Bxd4 c5 11.dxc6 bxc6 12.Bd3 Rb8 13.O-O Rxb2 14.Nb5 Nh5
15.Bxg7 Kxg7 16.Qc1 Qf6 17.Nxd6 Qe5 18.Nxc8 Rxc8 19.Qe3 Nf4 20.Rfd1 Rd8
21.Bf1 Rxd1 22.Rxd1 Rxa2 23.c5 Rc2 24.Rc1 Rxc1 25.Qxc1 Ne6 26.Bc4 Qxc5
27.Qa1+ Qd4 28.Qa2 Ng5 29.e5 Ne4 30.e6 fxe6 31.Bxe6 Nc3 32.Qb2 Nb5
33.Qe2 Kf6 34.Bg8 Qa1+ 35.Kh2 Qe5+ 36.Qxe5+ Kxe5 37.Bxh7 Kf6 38.Bg8 a5
39.Kg3 a4 40.Kf4 Nc3 41.Ke3 a3 42.Kd4 Nd5 0-1

[Event "?"]
[Site "Berliner Sommer"]
[Date "1995.??.??"]
[Round "?"]
[White "Fiedler, Wolfgang"]
[Black "Kersten, Martin"]
[Result "1-0"]
[WhiteElo "1965"]
[BlackElo "1725"]

1.d4 f5 2.c4 b6 3.Nc3 Bb7 4.f3 Nf6 5.Bg5 e6 6.e4 fxe4 7.fxe4 Be7
8.Bxf6 Bxf6 9.Nf3 O-O 10.Be2 d6 11.O-O Nd7 12.Qc2 c5 13.dxc5 dxc5
14.Rad1 Qc7 15.Nb5 Qc6 16.Rd6 Qc8 17.Rfd1 Ne5 18.Nxe5 Bxe5 19.Bg4 Bxd6
20.Nxd6 Qc7 21.Bxe6+ Kh8 22.Nxb7 Qf4 23.Qe2 Qe5 24.Bd5 Rf4 25.Nxc5 Re8
26.Nd3 Qd4+ 27.Kh1 Rf6 28.e5 Rf5 29.e6 Qf6 30.g4 Rg5 1-0

[Event "?"]
[Site "Berliner Sommer"]
[Date "1995.??.??"]
[Round "?"]
[White "Foerster, Jonas"]
[Black "Willin, Michael"]
[Result "1-0"]
[WhiteElo "1540"]
[BlackElo "1980"]

1.e4 d6 2.d4 Nf6 3.Nc3 g6 4.f4 c5 5.dxc5 Qa5 6.Bd2 Qxc5 7.Nf3 Bg7
8.Bd3 O-O 9.Qe2 Nc6 10.Na4 Qh5 11.h3 Bg4 12.O-O-O Bxf3 13.gxf3 Nd7
14.Bc3 Bh6 15.Bd2 Rac8 16.f5 Bxd2+ 17.Qxd2 Qxf3 18.Rdf1 Qh5 19.fxg6 hxg6
20.Rhg1 Nce5 21.Nc3 Nc4 22.Bxc4 Rxc4 23.Rg4 Qxh3 24.Rgg1 Rxc3 25.bxc3 Rc8
26.Qf4 Ne5 27.Rg3 Qh5 28.Qe3 f6 29.Rfg1 g5 30.Rxg5+ Qxg5 31.Rxg5+ fxg5
32.Qxg5+ Kh8 33.Qh4+ 1-0

[Event "?"]
[Site "Berliner Sommer"]
[Date "1995.??.??"]
[Round "?"]
[White "Beste, Herbert"]
[Black "Hoppe, Frank"]
[Result "0-1"]
[WhiteElo "1645"]
[BlackElo "1950"]

1.e4 e5 2.Nf3 f5 3.Nc3 Nc6 4.Bc4 fxe4 5.Bxg8 exf3 6.Qxf3 Rxg8 7.Ne2 Qf6
8.Qb3 Rh8 9.d3 Bc5 10.Rf1 Rf8 11.g3 b6 12.d4 Bxd4 13.f4 Bb7 14.Nxd4 Nxd4
15.Qd3 e4 0-1

[Event "?"]
[Site "Berliner Sommer"]
[Date "1995.??.??"]
[Round "?"]
[White "Bunzmann, Dimitrij"]
[Black "Bade, Hans-Juergen"]
[Result "1-0"]
[WhiteElo "2185"]
[BlackElo "1925"]

1.c4 e5 2.Nc3 Nc6 3.g3 g6 4.Bg2 Bg7 5.e3 d6 6.Nge2 f5 7.d4 Nf6 8.b4 a6
9.Qb3 O-O 10.O-O Kh8 11.a4 Qe8 12.Ba3 exd4 13.exd4 Ne4 14.Nxe4 fxe4
15.Qe3 Bg4 16.Bxe4 Bxe2 17.Qxe2 Nxd4 18.Qd3 c6 19.Rad1 Rd8 20.Kh1 Rd7
21.b5 c5 22.Bc1 Re7 23.f3 axb5 24.axb5 b6 25.Bf4 Be5 26.Bxe5+ Rxe5
27.Ra1 Qe7 28.Kg2 Kg7 29.Ra6 d5 30.cxd5 Qf6 31.Ra7+ Re7 32.Rfa1 Rxa7
33.Rxa7+ Rf7 34.Ra3 Qd6 35.Qc4 Qd7 36.Ra6 Qd6 37.Qa4 Qf6 38.Ra7 Rxa7
39.Qxa7+ Kh6 40.Qd7 Nb3 41.d6 Nd2 42.Qe7 Nxe4 43.fxe4 Qb2+ 44.Kf3 Qxb5
45.Qf8+ Kh5 46.g4+ Kh4 47.Qh6+ 1-0

[Event "?"]
[Site "Berliner Sommer"]
[Date "1995.??.??"]
[Round "?"]
[White "Dvoirys, Semen I"]
[Black "Eismont, Oleg"]
[Result "1/2-1/2"]
[WhiteElo "2580"]
[BlackElo "2450"]

1.e4 d6 2.d4 Nf6 3.Nc3 e5 4.dxe5 dxe5 5.Qxd8+ Kxd8 6.Bg5 Be6 7.O-O-O+ Nbd7
8.f4 exf4 9.Nge2 Bd6 10.Nxf4 h6 11.Nxe6+ fxe6 12.Bh4 Ke7 13.Bd3 a6
14.h3 Rhf8 15.Rhe1 1/2-1/2

[Event "?"]
[Site "Berliner Sommer"]
[Date "1995.??.??"]
[Round "?"]
[White "Kruppa, Yuri"]
[Black "Gipslis Alvaris"]
[Result "1/2-1/2"]
[WhiteElo "2570"]
[BlackElo "2445"]

1.e4 d6 2.d4 Nf6 3.Nc3 g6 4.Be3 c6 5.h3 Bg7 6.Nge2 O-O 7.g4 e5 8.Bg2 h5
9.gxh5 Nxh5 10.Qd2 Nd7 11.O-O-O Qa5 12.Kb1 b5 13.b3 b4 14.Na4 Ba6
15.Bf3 Nhf6 16.Ng3 Bb5 17.Nb2 exd4 18.Bxd4 c5 19.e5 dxe5 20.Be3 e4
21.Be2 Rfd8 22.Bh6 Bh8 23.Bxb5 Qxb5 24.Nc4 Qc6 25.Bg5 Re8 26.Qd6 Rac8
27.h4 Nb6 28.Nxb6 axb6 1/2-1/2

[Event "?"]
[Site "Berliner Sommer"]
[Date "1995.??.??"]
[Round "?"]
[White "Richter Matthias"]
[Black "Heedt, Thorsten"]
[Result "0-1"]
[WhiteElo "1975"]
[BlackElo "2235"]

1.Nf3 Nf6 2.g3 g6 3.Bg2 Bg7 4.O-O O-O 5.Re1 d6 6.d4 Nbd7 7.e4 e5 8.c3 b6
9.Nbd2 Bb7 10.Qc2 c5 11.dxe5 dxe5 12.Nc4 Qe7 13.a4 h6 14.Nh4 Ne8 15.a5 b5
16.a6 Bc8 17.Ne3 Nc7 18.Nd5 Nxd5 19.exd5 Rb8 20.f4 Qd6 21.Qe4 f5
22.fxe5 Nxe5 0-1

[Event "?"]
[Site "Berliner Sommer"]
[Date "1995.??.??"]
[Round "?"]
[White "Michalczak, Thomas"]
[Black "Poppner Dietmar"]
[Result "1-0"]
[WhiteElo "2290"]
[BlackElo "2090"]

1.e4 c5 2.Nf3 Nc6 3.d4 cxd4 4.Nxd4 Nf6 5.Nc3 e6 6.Ndb5 Bb4 7.a3 Bxc3+
8.Nxc3 d5 9.exd5 exd5 10.Bd3 O-O 11.O-O d4 12.Ne2 Qd5 13.c3 Rd8
14.cxd4 Nxd4 15.Nxd4 Qxd4 16.Be2 Qxd1 17.Rxd1 Rxd1+ 18.Bxd1 Bg4 19.Bb3 a6
20.Bg5 Be6 21.Bxe6 fxe6 22.Rc1 Nd5 23.Kf1 Kf7 24.Ke2 Kg6 25.Be3 Kf5
26.Rc4 h5 27.h4 Rd8 28.f3 g6 29.g4+ Ke5 30.Bd4+ Kd6 31.Bc5+ Kd7 32.Bd4 b5
33.Rc1 Rf8 34.Be5 Rc8 35.Rxc8 Kxc8 36.Kd3 Kd7 37.Ke4 a5 38.Bd4 Kd6
39.b3 Ne7 40.Bc3 Nc6 41.gxh5 gxh5 42.Kf4 b4 43.axb4 axb4 44.Bb2 e5+
45.Kg5 Ke6 46.Kxh5 Kf5 47.Kh6 Nd4 48.Kg7 Nxf3 49.h5 e4 50.Bc1 Nd4
51.h6 Nxb3 52.Be3 Nc5 53.h7 b3 54.h8=Q b2 55.Kf7 Kg4 56.Qxb2 1-0

[Event "?"]
[Site "Berliner Sommer"]
[Date "1995.??.??"]
[Round "?"]
[White "Amiri, Babaei M."]
[Black "Kreuchauf, Olaf"]
[Result "1-0"]
[WhiteElo "1785"]
[BlackElo "1569"]

1.e4 e6 2.d4 d5 3.e5 c5 4.c3 Nc6 5.f4 Qb6 6.Nf3 Bd7 7.g4 h5 8.g5 Nge7
9.Bh3 g6 10.dxc5 Qxc5 11.Qd3 Nb4 12.Qd1 Rc8 13.a3 Na6 14.b4 Qc7
15.Nd4 Nc6 16.Be3 Nxd4 17.Qxd4 b6 18.Bf1 Nb8 19.Be2 Nc6 20.Qd3 Nb8
21.O-O Be7 22.Rc1 Kf8 23.Nd2 a6 24.c4 Qb7 25.Bf3 Bc6 26.cxd5 exd5
27.Bxd5 Bxd5 28.Rxc8+ Qxc8 29.Qxd5 Qd8 30.Qxd8+ Bxd8 31.Rc1 Ke7
32.Rc8 Nd7 33.Nc4 Rf8 34.Kf2 b5 35.Nd6 Bb6 36.Bxb6 Nxb6 37.Rc7+ Kd8
38.Rxf7 Rxf7 39.Nxf7+ Ke7 40.Nd6 Nd5 41.Kf3 Nc3 42.Ne4 Nb1 43.Nc5 Nxa3
44.Nxa6 Nc2 45.Ke4 Ne1 46.Nc7 Nc2 47.h3 Nxb4 48.Nd5+ Nxd5 49.Kxd5 h4
50.Kc5 Ke6 51.Kxb5 Kf5 52.Kc5 Kxf4 53.e6 Kg3 54.e7 Kxh3 55.e8=Q Kg3
56.Qxg6 1-0

[Event "?"]
[Site "Berliner Sommer"]
[Date "1995.??.??"]
[Round "?"]
[White "Bagirov, Vladimir"]
[Black "Iordachescu, Viorel"]
[Result "1/2-1/2"]
[WhiteElo "2530"]
[BlackElo "2435"]

1.Nf3 d6 2.d4 g6 3.e4 Bg7 4.c3 Nf6 5.Bd3 O-O 6.O-O Nbd7 7.Re1 e5 8.Nbd2 b6
9.a4 a6 10.b4 Nh5 11.Nc4 Bb7 12.dxe5 dxe5 13.Ba3 Qf6 14.g3 Rfe8
15.Ne3 Nf8 16.c4 c6 17.Ra2 Rad8 18.Rd2 Ne6 19.c5 bxc5 20.bxc5 Qe7
21.Qb1 Bc8 22.Bf1 Ng5 23.Nxg5 Rxd2 24.Nf3 Rdd8 25.Nc4 Bg4 26.Be2 Qf6
27.Kg2 Rb8 28.Qc2 Bf8 29.Nd6 Red8 30.Qc3 Bxf3+ 31.Bxf3 Ng7 32.Be2 Ne8
33.Nc4 Rd4 34.Nb6 Qe7 35.a5 Nc7 36.Qe3 Rbd8 37.Bb2 Qxc5 38.Bxd4 exd4
39.Qf4 Ne6 40.Qd2 Qb4 41.Qxb4 Bxb4 42.Rc1 Bxa5 43.Nc4 Bc7 44.Nb2 Rb8
45.Nd3 Rb6 46.f4 Bd6 47.Rc4 c5 48.f5 gxf5 49.exf5 Ng7 50.g4 Rb5
51.Bf3 Kf8 52.Bc6 Ra5 53.Kf3 Ne8 54.h4 Ra3 55.Ke2 Nf6 56.g5 Nh5
57.Nxc5 Ra2+ 58.Kf3 1/2-1/2

[Event "?"]
[Site "Berliner Sommer"]
[Date "1995.??.??"]
[Round "?"]
[White "Soffer, Ram"]
[Black "Kalinichev, Sergey L"]
[Result "1-0"]
[WhiteElo "2530"]
[BlackElo "2470"]

1.d4 f5 2.Nc3 Nf6 3.Bg5 d5 4.Bxf6 exf6 5.e3 Be6 6.Bd3 Nc6 7.Nge2 Qd7
8.Nf4 Bf7 9.h3 h5 10.h4 Ne7 11.Bb5 c6 12.Be2 g6 13.Na4 Nc8 14.Nc5 Qe7
15.c3 Nd6 16.Qa4 Bh6 17.g3 O-O 18.Ncd3 Rfe8 19.Kf1 Nc4 20.Qd1 Qc7
21.Qc1 Re7 22.b3 Nd6 23.Kg2 Rae8 24.Qc2 Ne4 25.Bf3 b6 26.c4 dxc4
27.bxc4 c5 28.d5 Qd6 29.a4 Rb8 30.Ne2 a6 31.Ndf4 b5 32.axb5 axb5
33.cxb5 Rxb5 34.Rhd1 Reb7 35.Ra2 Qe5 36.Bxe4 fxe4 37.Nc3 Rb4 38.d6 Rd7
39.Ncd5 Rb5 40.Qc4 Rb8 41.Nxg6 Qe6 42.Nge7+ Kh8 43.Rad2 Rxd6 44.Qxc5 Rb7
45.Qc8+ Qxc8 46.Nxc8 Rd8 47.Ndb6 Rxd2 48.Rxd2 Be6 49.Rd4 Rc7 50.Rxe4 Rc6
51.Rd4 Bf8 52.Rd8 Kg7 53.Nd7 Bb4 54.Ncb6 Bd6 55.Ra8 Rc7 56.Ra5 Kg6
57.Nxf6 Kxf6 58.Nd5+ Bxd5+ 59.Rxd5 Be5 60.f4 Rc2+ 61.Kf3 Bb2 62.Rxh5 Rc3
63.g4 Rb3 64.Rd5 Ke6 65.Rd1 Ba3 66.Rd4 Bc5 67.Re4+ Kf7 68.h5 Rb1
69.Re5 Bd6 70.Rd5 Ke6 71.Ra5 Rh1 72.Ke4 Rh3 73.Rg5 Bb8 74.Rg6+ Kf7
75.Ra6 Ke7 76.h6 Bd6 77.Ra7+ Ke6 1-0

[Event "?"]
[Site "Berliner Sommer"]
[Date "1995.??.??"]
[Round "?"]
[White "Ivanov, Sergey"]
[Black "Urday, Henry"]
[Result "0-1"]
[WhiteElo "2545"]
[BlackElo "2435"]

1.d4 Nf6 2.c4 e6 3.Nc3 Bb4 4.Qc2 O-O 5.a3 Bxc3+ 6.Qxc3 b6 7.Bg5 Bb7
8.e3 h6 9.Bh4 d6 10.f3 Nbd7 11.Bd3 c5 12.Ne2 Rc8 13.b4 cxd4 14.exd4 Ba6
15.Qb3 d5 16.c5 Bxd3 17.Qxd3 e5 18.O-O Re8 19.Rfc1 exd4 20.cxb6 Rxc1+
21.Rxc1 Qxb6 22.Bf2 Ne5 23.Qxd4 Qa6 24.Ng3 Qxa3 25.Rc7 a6 26.h3 Qd3
27.Qa7 Qb1+ 28.Kh2 Qxb4 29.Bd4 Qd6 30.f4 Nc6 31.Qb6 Re6 32.Bc5 Qxf4
33.Rxc6 Rxc6 34.Qxc6 Ne4 35.Qxd5 Qxg3+ 36.Kh1 Nxc5 37.Qxc5 Qd3 38.Kh2 Qb5
39.Qc8+ Kh7 40.Qc2+ f5 41.h4 a5 42.h5 Qe5+ 43.g3 Qe4 44.Qd2 a4
45.Qa5 Qe2+ 46.Kg1 Qf3 0-1

[Event "?"]
[Site "Berliner Sommer"]
[Date "1995.??.??"]
[Round "?"]
[White "Kharitonov, Andrei Y"]
[Black "Manor, Ilan"]
[Result "0-1"]
[WhiteElo "2550"]
[BlackElo "2480"]

1.d4 g6 2.Nf3 Bg7 3.e4 d6 4.Be2 Nf6 5.Nbd2 O-O 6.O-O Nbd7 7.c3 e5
8.dxe5 dxe5 9.Qc2 b6 10.a4 a5 11.b3 Bb7 12.Ba3 Re8 13.Bc4 h6 14.b4 axb4
15.cxb4 Nf8 16.Bb2 N6d7 17.a5 bxa5 18.bxa5 Ba6 19.Rfc1 c6 20.Nb3 Ne6
21.Bxa6 Rxa6 22.Qc4 Qa8 23.Rd1 Ra7 24.Bc3 c5 25.Nfd2 Rb8 26.Rab1 Rab7
27.Ra1 Nd4 28.Bxd4 Rb4 29.Qc2 exd4 30.Ra3 Qa6 31.Nxc5 Nxc5 32.Qxc5 Qe2
33.Qc1 Rb2 34.g3 d3 35.a6 Rc2 36.a7 Ra8 37.Qb1 Rb2 38.Qxd3 Qxd1+ 0-1

[Event "?"]
[Site "Berliner Sommer"]
[Date "1995.??.??"]
[Round "?"]
[White "Kacheishvili, Giorgi"]
[Black "Lerner, Konstantin Z"]
[Result "0-1"]
[WhiteElo "2450"]
[BlackElo "2605"]

1.d4 Nf6 2.c4 e6 3.Nc3 Bb4 4.e3 O-O 5.Bd3 d5 6.cxd5 exd5 7.Nge2 Re8
8.O-O Bf8 9.f3 c5 10.Qe1 b6 11.Qf2 Ba6 12.Bxa6 Nxa6 13.dxc5 Bxc5
14.Rd1 Nc7 15.Nf4 Qd6 16.Na4 Ne6 17.Nxc5 bxc5 18.Ne2 Qe5 19.Bd2 d4
20.Qg3 Qd5 21.b3 Qb7 22.Qf2 Qb6 23.Bc1 Rad8 24.exd4 cxd4 25.Bb2 d3
26.Bxf6 dxe2 27.Rxd8 Nxd8 28.Bc3 Re3 29.Ba5 Qd4 30.Rc1 h6 31.Be1 f5
32.f4 g5 33.Rc2 Ne6 34.Rd2 Qe4 35.fxg5 hxg5 36.Rd7 Nf4 37.Rd8+ Kf7
38.Rd7+ Ke8 0-1

[Event "?"]
[Site "Berliner Sommer"]
[Date "1995.??.??"]
[Round "?"]
[White "Grabliauskas, Virginius"]
[Black "Milov, Leonid"]
[Result "1-0"]
[WhiteElo "2395"]
[BlackElo "2480"]

1.d4 d5 2.c4 c6 3.Nc3 e5 4.dxe5 d4 5.Ne4 Qa5+ 6.Bd2 Qxe5 7.Ng3 Nf6
8.Nf3 Qc5 9.a3 Qb6 10.Qc2 Be6 11.O-O-O Nbd7 12.Be1 c5 13.e3 dxe3
14.Ng5 O-O-O 15.f4 h6 16.Nxe6 fxe6 17.Be2 Bd6 18.f5 Be5 19.Bc3 Rhe8
20.Nh5 Bxc3 21.Qxc3 exf5 22.Nxg7 Re5 23.Rhf1 Ne4 24.Qxe3 Ng3 25.Qxg3 Rxe2
26.Qc3 Ne5 27.Nxf5 Nxc4 28.b4 Nxa3 29.Qxa3 cxb4 30.Nd6+ Rxd6 31.Qh3+ Ree6
32.Rf8+ Kd7 33.Rf7+ Ke8 34.Rdf1 Qc6+ 35.Kb1 Qe4+ 1-0

[Event "?"]
[Site "Berliner Sommer"]
[Date "1995.??.??"]
[Round "?"]
[White "Kuporosov, Viktor"]
[Black "Gagarin, Vasily"]
[Result "1-0"]
[WhiteElo "2490"]
[BlackElo "2420"]

1.Nf3 Nf6 2.g3 b6 3.Bg2 Bb7 4.O-O e6 5.b3 Be7 6.Bb2 O-O 7.c4 c5 8.Nc3 d5
9.cxd5 Nxd5 10.Rc1 Bf6 11.Qc2 Nd7 12.Rfd1 Rc8 13.a3 Qe7 14.d3 Rfd8
15.Ne4 Bxb2 16.Qxb2 N7f6 17.Nfd2 Ba8 18.Rc4 Ne8 19.Rc2 Nec7 20.Nc4 Nb5
21.e3 f6 22.a4 Nbc7 23.d4 cxd4 24.Rxd4 Na6 25.Ned6 Rc7 26.Rcd2 Rcd7
27.e4 Ndb4 {} 28.Nc8 Qf7 29.Nxa7 Rxd4 30.Rxd4 Rxd4 31.Qxd4 Qxa7
32.Qd8+ Kf7 33.Nd6+ Kg6 34.Qe8+ Kh6 35.g4 g5 36.e5 fxe5 37.Bxa8 Nc5
38.Qh5+ Kg7 39.Qxg5+ Kf8 40.Qf6+ Kg8 41.Bb7 1-0

[Event "?"]
[Site "Berliner Sommer"]
[Date "1995.??.??"]
[Round "?"]
[White "Lingnau, Carsten"]
[Black "Loginov, Valery A"]
[Result "1-0"]
[WhiteElo "2400"]
[BlackElo "2525"]

1.Nf3 Nf6 2.c4 e6 3.g3 b6 4.Bg2 Bb7 5.O-O Be7 6.Nc3 O-O 7.Re1 d5
8.cxd5 exd5 9.d4 Na6 10.Bf4 h6 11.Qc2 c5 12.Rad1 Qc8 13.dxc5 bxc5
14.Nh4 Nb4 15.Qb1 d4 16.Nf5 Re8 17.Bxb7 Qxb7 18.Be5 Qc6 19.a3 dxc3
20.axb4 cxb4 21.bxc3 bxc3 22.Rc1 Ne4 23.Bxg7 Ba3 24.Bd4 Bxc1 25.Qxc1 Qg6
26.Qf4 Ng5 27.Kg2 Ne6 28.Qf3 Nxd4 29.Nxd4 Qe4 30.e3 Qxf3+ 31.Kxf3 a5
32.Ke2 a4 33.Kd3 a3 34.Kxc3 a2 35.Ra1 Reb8 36.Kc2 Ra7 37.Kc1 Kg7 1-0

[Event "?"]
[Site "Berliner Sommer"]
[Date "1995.??.??"]
[Round "?"]
[White "Poluljahov, Aleksandr"]
[Black "Tyrtania, Maximilian"]
[Result "1-0"]
[WhiteElo "2460"]
[BlackElo "2250"]

1.Nf3 g6 2.e4 Bg7 3.d4 d6 4.c3 Nf6 5.Bd3 Nc6 6.O-O e5 7.Nbd2 O-O 8.h3 Nh5
9.Nb3 h6 10.Re1 Nf4 11.Bxf4 exf4 12.Nbd2 g5 13.Nh2 Ne7 14.Qh5 c5
15.Ndf3 Nc6 16.h4 gxh4 17.Ng4 Bxg4 18.Qxg4 cxd4 19.cxd4 h3 {}
20.Rad1 hxg2 21.e5 dxe5 22.dxe5 Qe7 23.Kxg2 Rfd8 24.Kh2 Nb4 25.Rg1 Qf8
26.Be4 Rxd1 27.Qf5 Qd8 28.Qh7+ Kf8 29.Rxg7 Qe8 30.Rg8+ Ke7 31.Rxe8+ Rxe8
32.Qg7 Rd7 33.e6 1-0

[Event "?"]
[Site "Berliner Sommer"]
[Date "1995.??.??"]
[Round "?"]
[White "Wells, Peter K"]
[Black "Gretarsson, Helgi Ass"]
[Result "1/2-1/2"]
[WhiteElo "2540"]
[BlackElo "2440"]

1.e4 e5 2.Nf3 Nc6 3.d4 exd4 4.Nxd4 Bc5 5.Nxc6 Qf6 6.Qd2 dxc6 7.Nc3 Be6
8.Na4 Rd8 9.Bd3 Bd4 10.O-O b5 11.Nc3 Ne7 12.Kh1 Qh4 13.Ne2 Bb6 14.a4 a6
15.axb5 axb5 16.Ng3 O-O 17.Qe2 Kh8 18.Be3 f5 19.Bxb6 cxb6 20.exf5 Bxf5
21.Nxf5 Nxf5 22.Ra7 Rde8 23.Rf7 Nd6 24.Re1 Rg8 25.Re7 Rxe7 26.Qxe7 Qxe7
27.Rxe7 Re8 28.Rxe8+ Nxe8 29.f4 Nd6 30.g4 g6 31.Kg2 b4 32.Kf3 Kg7
33.h4 c5 34.Ke3 1/2-1/2

[Event "?"]
[Site "Berliner Sommer"]
[Date "1995.??.??"]
[Round "?"]
[White "Suetin, Alexey S"]
[Black "Chuchelov, Vladimir"]
[Result "1/2-1/2"]
[WhiteElo "2445"]
[BlackElo "2550"]

1.c4 e6 2.g3 d5 3.Nf3 dxc4 4.Qa4+ Nd7 5.Bg2 a6 6.Qxc4 b5 7.Qc2 Bb7
8.O-O Ngf6 9.d3 c5 10.a4 Be7 11.Nc3 Qb6 12.axb5 axb5 13.Rxa8+ Bxa8
14.Qb3 b4 15.Nb1 Bd5 16.Qc2 O-O 17.Nbd2 Qb7 18.e4 Bc6 19.Nc4 Ra8
20.Bf4 Qa6 21.Rc1 Bb7 22.Nfd2 Ne8 23.Nb3 Qb5 24.Qd1 Rd8 25.Ra1 Nb6
26.Nba5 Nxc4 27.Nxc4 Nf6 28.Qb3 Ra8 29.Rxa8+ Bxa8 30.Qa2 Bc6 31.b3 Nd7
32.Qa7 Qb7 33.Qa5 Qa8 1/2-1/2

[Event "?"]
[Site "Berliner Sommer"]
[Date "1995.??.??"]
[Round "?"]
[White "Gutman, Lev"]
[Black "Pribyl, Josef"]
[Result "1/2-1/2"]
[WhiteElo "2470"]
[BlackElo "2405"]

1.Nf3 g6 2.g3 Bg7 3.Bg2 e5 4.O-O Nc6 5.c3 d5 6.d3 Nf6 7.Qa4 O-O 8.e4 dxe4
9.dxe4 Qd3 10.Ne1 Qd6 11.Nd2 Be6 12.Ndf3 a6 13.Nd2 Rfd8 14.Nef3 b5
15.Qc2 h6 16.Re1 a5 17.Bf1 Rab8 18.a4 b4 19.Nc4 b3 20.Qe2 Qc5 21.Na3 Nd7
22.Be3 Qe7 23.Red1 Bf8 24.Nc4 Qf6 25.Bg2 Nc5 26.Bxc5 Bxc5 27.Ne3 Rd6
28.Rxd6 cxd6 29.Nd2 h5 30.h4 Qd8 31.Ndc4 Ne7 32.Qd2 Qc7 33.Qd3 Kg7
34.Na3 Nc8 35.Nb5 Qb6 36.Re1 Na7 37.c4 Nc6 38.Qxb3 Nd4 39.Qd3 Nxb5
40.cxb5 Bd4 41.Re2 Qc5 42.b3 Qc1+ 43.Kh2 Rc8 44.b6 Rc3 45.Qa6 Rxb3
46.b7 Qc7 47.Bh3 Rxb7 48.Bxe6 fxe6 49.Nc4 Rb1 50.Rc2 Bc5 51.Qxa5 Qxa5
52.Nxa5 Rb4 53.Nc4 Rxa4 54.Kg2 Kf6 55.Nd2 Ke7 56.Rb2 Kd7 57.Rc2 Kc6
58.Nc4 Kb5 59.Nd2 Rd4 60.Kf3 Bb4 61.Nf1 Rd3+ 62.Ke2 Rb3 63.Ne3 Bc3
64.Rc1 Kc5 1/2-1/2

[Event "?"]
[Site "Berliner Sommer"]
[Date "1995.??.??"]
[Round "?"]
[White "Ahlander, Bjorn"]
[Black "Chernyshov, Konstantin"]
[Result "1-0"]
[WhiteElo "2385"]
[BlackElo "2505"]

1.d4 Nf6 2.c4 e6 3.Nc3 Bb4 4.Qc2 O-O 5.a3 Bxc3+ 6.Qxc3 d6 7.Bg5 h6
8.Bh4 g5 9.Bg3 Ne4 10.Qc2 f5 11.e3 Qf6 12.Bd3 Nxg3 13.hxg3 e5 14.Qc3 c5
15.dxe5 dxe5 16.Bc2 Be6 17.O-O-O Nd7 18.Ne2 e4 19.Qxf6 Nxf6 20.b3 Ng4
21.Rd6 Rf6 22.Nc3 Kf7 23.Rd2 b6 24.Rhd1 Kg7 25.Nb5 Bf7 26.Nd6 Be6
27.Nb5 Bf7 28.Nd6 Rf8 29.Kb2 Be6 30.Kc3 Ne5 31.b4 cxb4+ 32.axb4 Bxc4
33.Nxc4 Rc8 34.Rd7+ Kg6 35.R7d4 b5 36.Bb3 Nd3 37.Rd2 Rfc6 38.g4 bxc4
39.gxf5+ Kxf5 40.Ba4 R6c7 41.Bd7+ Rxd7 42.Rxd7 Rb8 43.Rd5+ Kf6 44.b5 Ke6
45.Rd4 Rxb5 46.Rxe4+ Kf5 47.Rxc4 Ne5 48.Ra4 Rc5+ 49.Kb3 Rb5+ 50.Rb4 Ra5
51.Rbd4 Rb5+ 52.Kc2 Rb7 53.Rd5 Rc7+ 54.Kd1 h5 55.Rc2 Re7 56.f3 Kf6
57.Ke2 Re6 58.Kf2 h4 59.Ra2 a6 60.Raa5 g4 61.Rd4 h3 62.gxh3 gxf3
63.Rad5 Nf7 64.Rf4+ Ke7 65.Rff5 Rh6 66.Rh5 Rg6 67.Ra5 Nd6 68.Kxf3 Rf6+
69.Ke2 Nf7 70.Rhc5 Rh6 71.Rc7+ Ke8 72.Ra7 Rxh3 73.R5xa6 Rh2+ 74.Kd1 Rf2
75.Ke1 Rf5 76.Rb6 Kf8 77.Ke2 Kg7 78.Kd3 Kg8 79.Kd4 Nd8 80.Rd6 Rf8
81.Rg6+ Kh8 82.Rd7 Re8 83.Kd5 Nf7 84.Re6 Rf8 85.Rf6 Kg7 86.Rdxf7+ Rxf7
87.Rxf7+ Kxf7 88.Ke5 1-0

[Event "?"]
[Site "Berliner Sommer"]
[Date "1995.??.??"]
[Round "?"]
[White "Deev, Andrei"]
[Black "Kraai, Jesse"]
[Result "0-1"]
[WhiteElo "2420"]
[BlackElo "2280"]

1.e4 c5 2.Nf3 e6 3.b3 d6 4.Bb2 Nf6 5.d3 Be7 6.Nbd2 O-O 7.d4 cxd4
8.Nxd4 Nbd7 9.Bd3 Nc5 10.O-O Bd7 11.f4 Nxd3 12.cxd3 b5 13.Kh1 Qb6
14.e5 dxe5 15.fxe5 Nd5 16.Ne4 Bc5 17.Qg4 Rad8 18.Rf3 Kh8 19.Rg3 g6
20.Ng5 Be7 21.Rh3 Bxg5 22.Qxg5 Rg8 23.Rh6 Rg7 24.Nf3 Rc8 25.Qh4 Qd8
26.Ng5 Qg8 27.Ne4 g5 28.Qh5 Be8 29.Nf6 Nxf6 30.Rxf6 Rc2 31.Bd4 Bc6
32.Rf2 Rxf2 33.Bxf2 Qd8 34.Qe2 Qd5 35.Bxa7 f5 36.Bb6 Rb7 37.Bg1 Rc7
38.a4 Qxb3 39.a5 Ba8 40.Qa2 {} 40...Rc2 0-1

[Event "?"]
[Site "Berliner Sommer"]
[Date "1995.??.??"]
[Round "?"]
[White "Wohlfahrt, Herbert J"]
[Black "Yemelin, Vasily"]
[Result "0-1"]
[WhiteElo "2235"]
[BlackElo "2500"]

1.d4 Nf6 2.Nf3 e6 3.c4 b6 4.g3 Bb7 5.Bg2 Be7 6.Nc3 Ne4 7.Bd2 Bf6
8.Qc2 Nxd2 9.Qxd2 O-O 10.e4 d6 11.O-O c5 12.d5 e5 13.Ne1 Nd7 14.Nd3 Re8
15.Rae1 a6 16.a4 h5 17.h4 Qe7 18.Bh3 Bc8 19.Kg2 g6 20.Rb1 Ra7 21.b4 Rc7
22.a5 bxa5 23.bxa5 Bg7 24.Na4 Nf6 25.Bxc8 Rcxc8 26.f3 Kh7 27.Rb6 Bh6
28.Qb2 Rg8 29.Rb7 Qf8 30.Qb6 g5 31.Nxe5 Rg7 32.hxg5 Bxg5 33.Rxf7 Rxf7
34.Nxf7 Qxf7 35.Qxd6 Rg8 36.Nxc5 Bh4 37.Kh3 Bxg3 38.Qe6 Qf8 39.Qf5+ Kh8
40.Nd7 Nxd7 41.Qxh5+ Kg7 42.Qg4+ Kh6 43.Qxd7 Qf4 44.Qe7 Be1 45.Qe6+ Rg6 0-1

[Event "?"]
[Site "Berliner Sommer"]
[Date "1995.??.??"]
[Round "?"]
[White "Schulz, Michael"]
[Black "Suhl Dirk"]
[Result "0-1"]
[WhiteElo "2290"]
[BlackElo "2220"]

1.e4 Nc6 2.d4 d5 3.Nc3 e5 4.Bb5 dxe4 5.d5 a6 6.Ba4 b5 7.Nxb5 axb5
8.Bxb5 Nge7 9.Bg5 f6 10.Bxf6 gxf6 11.Qh5+ Ng6 12.Bxc6+ Bd7 13.Bxa8 Qxa8
14.Ne2 Qa5+ 15.c3 Qxd5 16.O-O Qe6 17.Ng3 f5 18.a4 Be7 19.Qh6 Nf4
20.Qg7 Bf6 21.Qh6 Qf7 22.a5 Rg8 23.a6 Bc6 24.a7 Ba8 25.Ra6 Bg5 0-1

[Event "?"]
[Site "Berliner Sommer"]
[Date "1995.??.??"]
[Round "?"]
[White "Rabiega, Robert"]
[Black "Ivanov, Sergey"]
[Result "1/2-1/2"]
[WhiteElo "2470"]
[BlackElo "2545"]

1.e4 e6 2.d4 d5 3.exd5 exd5 4.Nf3 Nf6 5.Bd3 Bd6 6.O-O O-O 7.Bg5 Bg4
8.Nbd2 Nbd7 9.c3 c5 10.Qc2 h6 11.Bh4 c4 12.Bh7+ Kh8 13.Bf5 Qc7
14.Rfe1 Rae8 15.Bxg4 Nxg4 16.h3 Ngf6 17.Qf5 Kg8 18.Bxf6 Nxf6 19.Ne5 Bxe5
20.Rxe5 Rxe5 21.dxe5 Nd7 22.Nf3 Re8 23.Rd1 Nxe5 24.Rxd5 Nxf3+ 25.gxf3 Re6
26.Rd4 Re5 27.Rd7 Rxf5 28.Rxc7 Rb5 29.Rxc4 Rxb2 30.a4 a5 31.Rc7 b6
32.Kg2 g6 33.Kg3 Kg7 34.Rc6 h5 35.h4 Kf8 36.Rc7 Ke8 37.Rb7 Rb3 38.Rc7 Kf8
39.f4 Ra3 40.Rc6 Rxa4 41.Rxb6 Rc4 42.Rb5 Rxc3+ 43.f3 a4 44.f5 a3
45.fxg6 fxg6 46.Ra5 Ke7 47.Ra6 Kd7 48.Kf4 Kc7 49.Kg5 Kb7 50.Ra4 Kb6
51.Kxg6 Kb5 52.Ra8 Rc6+ 53.Kxh5 Ra6 54.Rb8+ Kc4 55.Rb1 a2 56.Ra1 Kc3
57.Kg5 Kb2 58.Rxa2+ Rxa2 59.h5 Kc3 60.h6 Kd4 1/2-1/2

[Event "?"]
[Site "Berliner Sommer"]
[Date "1995.??.??"]
[Round "?"]
[White "Urday, Henry"]
[Black "Tregubov, Pavel V"]
[Result "1/2-1/2"]
[WhiteElo "2435"]
[BlackElo "2490"]

1.d4 d5 2.Nf3 c6 3.c4 e6 4.Qc2 Nf6 5.g3 dxc4 6.Qxc4 b5 7.Qd3 Bb7
8.Bg2 Nbd7 9.O-O a6 10.a4 c5 11.axb5 Be4 12.Qd1 axb5 13.Rxa8 Qxa8
14.Nc3 Bc6 15.Nh4 Bxg2 16.Nxg2 b4 17.Nb5 Qc6 18.Qa4 Be7 19.dxc5 O-O
20.Be3 Bxc5 21.Nc3 Qb7 22.Qb5 Qa8 23.Nd1 Rb8 24.Qc4 Bf8 25.Nf4 Rc8
26.Qb3 e5 27.Nd3 Qd5 28.Qa4 h5 29.Bd2 Nc5 30.Qc2 Qe6 31.Ne3 Nb3
32.Qd1 Rd8 33.f3 Nxd2 34.Qxd2 e4 35.fxe4 Nxe4 36.Qe1 Qb6 37.Qc1 Re8
38.Kg2 Ng5 39.Nd5 Rxe2+ 40.Rf2 Rxf2+ 41.Nxf2 Qd8 42.Qc4 Qa8 43.h4 Ne6
44.Ne4 Qb8 45.b3 Kh8 46.Kh3 Qe5 47.Nxb4 f5 48.Nf2 Bd6 49.Kg2 Qxg3+
50.Kf1 Qe3 51.Nd5 Qe5 52.b4 Kh7 53.b5 Bc5 54.Nd3 Qa1+ 55.Ke2 Nd4+
56.Kf2 Bd6 57.b6 Bh2 58.Ke3 Bg1+ 59.Kd2 Nf3+ 60.Ke2 Nd4+ 61.Kd2 Nf3+ 1/2-1/2

[Event "?"]
[Site "Berliner Sommer"]
[Date "1995.??.??"]
[Round "?"]
[White "Hartmann, Theo"]
[Black "Suetin, Alexey S"]
[Result "0-1"]
[WhiteElo "1995"]
[BlackElo "2445"]

1.Nf3 Nf6 2.g3 c5 3.c4 Nc6 4.Bg2 d5 5.cxd5 Nxd5 6.Nc3 Nc7 7.O-O e5
8.d3 Be7 9.b3 O-O 10.Bb2 f6 11.Nd2 Nd4 12.Rc1 Rb8 13.e3 Nde6 14.Qc2 b6
15.Rfd1 Kh8 16.Ne2 Qe8 17.d4 exd4 18.exd4 cxd4 19.Nf3 Bb7 20.Nexd4 Bc5
21.Nf5 Qh5 22.N3h4 Bxg2 23.Kxg2 Rbd8 24.Re1 Rfe8 25.Re4 Nd5 26.Rce1 Ng5
27.Rxe8+ Rxe8 28.Rxe8+ Qxe8 29.Qd3 Nb4 30.Qc4 Nxa2 31.Nxg7 Qc6+
32.f3 Kxg7 33.Nf5+ Kf8 34.Qf4 Kf7 35.h4 Qxf3+ 36.Qxf3 Nxf3 37.Kxf3 Nb4
38.h5 Nd3 39.Bc3 Nc1 40.b4 Na2 41.bxc5 Nxc3 42.Nd6+ Ke6 43.cxb6 axb6
44.Nc4 b5 45.Nd2 Ke5 46.Nb3 b4 47.Nc5 Kd5 48.Nb3 Nb5 49.Kf4 Nd4
50.Nd2 Ke6 51.Ke4 Ne2 52.g4 Nc1 53.Kd4 b3 54.Nc4 Na2 55.Ke4 Nc3+
56.Kd3 Nd1 57.Nd2 b2 58.Kc2 Ne3+ 59.Kxb2 Ke5 60.Kc3 Kf4 61.Kd3 Nxg4
62.Ke2 f5 63.Nf3 Nf6 0-1